000 01252nam a2200325Ia 4500
001 ebr10206345
003 CaPaEBR
006 m u
007 cr cn|||||||||
008 971107s1998 caua sb 001 0 eng d
010 _z 97080232
020 _z0122722507
040 _aCaPaEBR
_cCaPaEBR
035 _a(OCoLC)162128736
050 1 4 _aRA1199.4.A38
_bG33 1998eb
082 0 4 _a615/.704/028
_221
100 1 _aGad, Shayne C.,
_d1948-
245 1 0 _aAcute toxicology testing
_h[electronic resource] /
_cShayne C. Gad, Christopher P. Chengelis.
250 _a2nd ed.
260 _aSan Diego :
_bAcademic Press,
_cc1998.
300 _axvii, 534 p. :
_bill. (some col.)
504 _aIncludes bibliographical references and index.
533 _aElectronic reproduction.
_bPalo Alto, Calif. :
_cebrary,
_d2009.
_nAvailable via World Wide Web.
_nAccess may be limited to ebrary affiliated libraries.
650 0 _aAlternative toxicity testing.
650 0 _aAcute toxicity testing.
655 7 _aElectronic books.
_2local
700 1 _aChengelis, Christopher P.,
_d1949-
710 2 _aebrary, Inc.
856 4 0 _uhttp://site.ebrary.com/lib/rucke/Doc?id=10206345
_zAn electronic book accessible through the World Wide Web; click to view
999 _c121526
_d121526